[Event "Eijgenbrood 2016"]
[Site "?"]
[Date "2016.10.29"]
[Round "3"]
[White "Witt, Rob"]
[Black "Mohnkern, Ansgar"]
[Result "1-0"]
[WhiteElo "2205"]
[BlackElo "1861"]
[Annotator "Witt"]
[PlyCount "69"]
[EventDate "2016.??.??"]

{In de 3e ronde trof ik een Duitser die al een tijdje in Amsterdam woont en
werkt. Hij had 's ochtends mijn logé Frans Arp in een goede partij verslagen.
} 1. d4 e6 2. c4 b6 3. e4 Bb7 4. Bd3 Nc6 5. Ne2 Nb4 6. Nbc3 Nxd3+ 7. Qxd3 {
Ik heb deze variant een aantal jaren geleden voor zwart bekeken naar
aanleiding van partijen van Sadler en Ponomariov. Maar ik vond het toch niet
aantrekkelijk. Ik weet alleen niet meer waarom.} Ne7 8. d5 {Dit leek me min of
meer gedwongen omdat anders zwart d5 speelt. Dit blijkt echter onzin. Iedereen
rokeert en zwart antwoordt met d6 of g6.} (8. O-O g6 9. d5 Bg7 10. Be3 d6 11.
b4 O-O 12. Bd4 Bxd4 13. Nxd4 c5 14. dxc6 Nxc6 15. Nxc6 Bxc6 16. Rfd1 Qf6 17. a4
Rfd8 18. a5 Be8 19. h3 Rdc8 20. axb6 axb6 21. Rxa8 Rxa8 22. Qe3 Rc8 23. Rxd6
Rxc4 24. e5 Qf4 25. Qxf4 Rxf4 26. Rxb6 Rc4 27. Rb8 Rxc3 28. Rxe8+ Kg7 29. Rb8
Rc1+ 30. Kh2 g5 31. g4 {1/2-1/2 (31) Swinkels,R (2483)-Sadler,M (2624) Bussum
2011}) 8... g6 $2 {Hij let even niet op.} (8... d6 9. f4 Qd7 10. O-O Ng6 11.
Qg3 Be7 12. f5 exf5 13. exf5 Ne5 14. b4 O-O-O {1/2-1/2 (82) Grover,S (2532)
-Sadler,M (2660) Wijk aan Zee 2012 CBM 147 (Grover,S)}) 9. Qd4 {Natuurlijk.}
Rg8 10. Be3 {Hierna dacht Ansgar een vol half uur na! Ik heb dan altijd moeite
om mijn concentratie te bewaren. In dit geval was die geheel weg.} exd5 11.
cxd5 c5 {Dit lijkt me achteraf niet de beste oplossing.} 12. Qf6 $2 {Ik heb
alleen maar allerlei damezetten overwogen.} ({Terecht geeft Stockfish als beter
} 12. dxc6 dxc6 (12... Nxc6 13. Qa4 $16) 13. Qa4 $16) 12... Bg7 13. Qh4 h6 14.
Qg3 d6 15. Bf4 Nc8 {Deze stelling had ik voor ogen toen ik tot Df6 besloot.
Het valt een beetje tegen.} 16. h4 {Na een kwartier.} ({Het geplande} 16. Nb5 {
is een slag in de lucht wegens} Qd7 $1 17. Nxd6+ Nxd6 18. Bxd6 O-O-O) 16... a6
$6 (16... Ba6 $5) 17. a4 Qe7 18. O-O Be5 $2 ({Ansgar zei na afloop dat hij had
moeten kiezen voor} 18... Bf6 19. h5 g5) 19. Bxe5 dxe5 20. f4 f6 (20... exf4
21. Nxf4 {is ook heel goed voor wit.}) 21. fxe5 ({Ik heb notabene een tijdje
gekeken naar het nog sterkere} 21. h5 $1 {waarna} g5 $2 {niet kan wegens} 22.
fxe5 fxe5 23. Rf5 $18 {Ik kan niet verklaren waarom ik het niet heb gespeeld.})
21... fxe5 22. Rf5 gxf5 23. Qxg8+ Kd7 24. exf5 {Die speelde ik zonder veel
nadenken.} ({Nog sterker lijkt} 24. Ng3 Nd6 25. Qg6 {want} f4 {is heel slecht
wegens} 26. Nf5 Nxf5 27. exf5 $18) 24... Nd6 25. Qe6+ $2 {En deze zet die ik
bijna a tempo speelde geeft het voordeel volledig weg.} (25. Qg4 Kc7 26. Ng3 {
had het voordeel vastgehouden.}) 25... Qxe6 26. fxe6+ Ke7 {Wit nog 30 minuten,
zwart nog 10 minuten. Ik dacht nu 10 minuten na en kwam tot de conclusie dat
ik dit zelfs nog zou kunnen verliezen als zo ongeconcentreerd blijf spelen.}
27. Rf1 (27. Ng3 $5) 27... Rf8 $2 (27... Rg8 $1 28. Kh2 Rg4 29. Kh3 Rb4 30. g4
{met totale chaos na bijv.} Rxb2 31. Ng3 $5 (31. g5 $6 hxg5 32. hxg5 Rxe2 33.
Nxe2 Bxd5 34. g6 Bxe6+ 35. Kh4 b5 {en zwart is degene die op winst speelt.})
31... Rb3 32. Rf3 $13) 28. Rxf8 Kxf8 29. Ng3 (29. Nc1 b5 30. axb5 (30. a5 $5
Nc4 31. Nd3) 30... axb5 31. Nd3 {was een andere en wellicht betere
mogelijkheid.}) 29... Ke7 {Zwart nog 5 minuten.} ({Ik had alleen gekeken naar} 
29... b5 30. axb5 axb5 31. Nce4 Nxe4 32. Nxe4 {en hoopte nu op het voor de
hand liggende} c4 $2 (32... Bxd5 33. Nxc5 {zal wel remise zijn.}) 33. Nf6 {
dreigt d6} Ke7 34. Ng8+ Kd6 35. e7 Kd7 36. d6 {Met winst. Dat klopt achteraf
wel maar gelukkig zag ik niet dat ik alleen maar een stuk win. In de
vooruitberekening had ik anders nog moeten kijken of de zwarte pionnen niet
doorlopen. Dat blijkt niet het geval. De witte koning staat binnen het
kwadraat of mijn paard is tijdig terug. Bijv.} Bc6 37. Nf6+ Kxd6 (37... Ke6 {
verliest ook.}) 38. e8=Q Bxe8 39. Nxe8+ Kc5 40. Kf2 b4 41. Ke3 c3 42. bxc3 b3 (
42... bxc3 43. Kd3) 43. Nf6 $1 b2 44. Ne4+ Kd5 45. Nd2 h5 46. c4+ {enz.}) 30.
Kf2 $2 {Na 10 minuten. Ik had een winnend stukoffer gezien waar niets van
blijkt te kloppen. Het is echt totale onzin.} ({De engine geeft als beter} 30.
Nf1 b5 31. axb5 axb5 32. Ne3 {met voordeel maar of dit genoeg is voor winst
zal een verdere analyse moeten uitwijzen.}) 30... b5 31. axb5 axb5 32. Nxb5 $2
{Dat was de bedoeling. Ik voerde de zet vol overtuiging uit en zag dat Answar
schrok.} ({Noodzakelijk was} 32. Nge4 Nxe4+ 33. Nxe4 Bxd5 (33... c4 $2 34. d6+
$1) 34. Nxc5 {zal wel remise zijn al moet zwart een beetje oppassen.}) 32...
Nxb5 (32... Bxd5 33. Nxd6 Kxd6 34. Nf5+ Kxe6 35. Nxh6 {biedt goede winstkansen.
}) 33. Nf5+ {Answar had nog 2 minuten om uit te zoeken waar zijn koning heen
moest. Hij leek totaal van slag.} Kf8 $4 {Hij kiest de allerslechtste. Answar
zei na afloop dat hij zo in de war raakte van het paardoffer dat hij helemaal
niet meer kon nadenken en toen de seconden wegtikten deed hij maar een zet.} ({
De simpele weerlegging was} 33... Kf6 {Ke8 en Kd8 waren ook beter, maar
waarschijnlijk remise.} 34. e7 Kf7 35. Nxh6+ {De enige zet.} (35. d6 Bc8 {
verliest kansloos.}) 35... Kxe7 36. Nf5+ Kf6 37. Ne3 Nd6 38. g4 {en ik vermoed
dat zwart dit kan winnen, maar zeker is dat niet.}) 34. d6 Nxd6 35. e7+ {
Ook gemist. Volkomen 'zerschmettert' gaf Answar op.} 1-0

[Event "Eijgenbrood 2016"]
[Site "?"]
[Date "2016.10.29"]
[Round "4"]
[White "Spiler, Angelo"]
[Black "Witt, Rob"]
[Result "1/2-1/2"]
[WhiteElo "2045"]
[BlackElo "2205"]
[Annotator "Witt"]
[PlyCount "109"]
[EventDate "2016.??.??"]

{Ik was weer zo onverstandig om geen bye te nemen. Op mijn leeftijd is het
waanzin om drie partijen op een dag te spelen. Was de middagpartij tegen
Mohnkern al slecht, deze partij is echt de allerslechtste partij die ik ooit
gespeeld heb. Dat geldt overigens ook voor Angelo en die had 's morgens nog
wel een bye opgenomen.} 1. e4 e6 2. d4 d5 3. e5 c5 4. c3 Nc6 5. Nf3 Qb6 6. a3
Nh6 7. b4 cxd4 8. cxd4 Nf5 9. Bb2 {Deze stelling hebben Angelo en ik al
diverse keren op het bord gehad. Ik heb ze geloof ik allemaal gewonnen.} Bd7 (
9... Be7 {is ook een keer voorgekomen.}) 10. g4 Nfe7 ({Ook} 10... Nh6 {heb ik
twee keer tegen hem gespeeld.}) 11. Nc3 Ng6 {Zo speelde ik in de laatste ronde
van het vorige Eijgenbroodtoernooi tegen Angelo.} ({Ivo heeft een keer het
meer gebruikelijke} 11... Na5 {tegen Angelo gespeeld.}) 12. Rc1 {Na 8 minuten
dus vermoedelijk geen voorbereiding. Ik vermoedde dat zijn idee was om te
vervolgen met Pc3-a4-c5 waarna hij met de toren kan terugslaan.} ({Vorig jaar
ging het verder met} 12. h4 h5) 12... Qd8 13. Na4 {Na 12 minuten.} b6 {Hier
zijn waarschijnlijk ook andere zetten speelbaar.} 14. Ba6 Rb8 {Wit moet nu
rekening houden met een eventueel b6-b5.} 15. Nc3 {Ik vond dit in eerste
instantie wel mooi gevonden van Angelo. Hij dreigt iets met Lb5 en Da4 of Pxd5
en als ik Tc8 moet doen heeft wit weer La6. Ik trok 25 minuten uit om mij in
de stelling te verdiepen. Uit eindelijk vind ik de beste voortzetting.} Be7 {
Angelo dacht nu 25 minuten na en kwam toen met het vreemde} ({Ik keek ook naar
} 15... b5 {met de dreiging Lxb4. Maar na} 16. Bxb5 a5 {vond ik het te
remiseachtig na} 17. Bxc6 ({evenals na} 17. Qa4 axb4 18. Bxc6 bxc3 19. Bxc3
Bxc6 20. Qxc6+ Qd7 21. Qxd7+ Kxd7 $11) 17... Bxc6 18. b5 Bxb5 19. Nxb5 Rxb5 20.
Qa4 Qd7 21. Rc8+ Qxc8 22. Qxb5+ Qd7 $11) 16. Rc2 $6 ({Op} 16. Bb5 {had ik
bedacht} a5 $1 {en zwart komt in alle varianten in het voordeel.}) ({Het leek
me dat wit het moet hebben van} 16. h4 $5 {Waarschijnlijk moet zwart dan
rokeren, want de pion nemen lijkt te gevaarlijk.} Nxh4 $6 (16... O-O $5 {
Met spannende stelling. Op} 17. h5 $6 {komt nu wel} Nh4 $1) 17. Nxh4 Bxh4 18.
Nb5 Be7 $2 (18... O-O) 19. Rc3 {met gevaarlijke aanval.}) 16... O-O 17. Qc1 $2
{Dat was kennelijk de bedoeling, maar het hele idee van deze verdubbeling is
niet goed.} f6 {Na 10 minuten leek me dit de beste.} ({Mijn alternatief was} 
17... Nh4 18. Nxh4 Bg5 ({De engine geeft echter} 18... Nxd4 $1 19. Ng2 Nxc2+
20. Qxc2 b5 $19) 19. Qd1 Bxh4 $15) 18. Nb5 {Ook niet geweldig, maar goede raad
was al duur. Zwart staat op winst.} fxe5 19. Nxe5 Ncxe5 20. dxe5 Bg5 (20... Nf4
) 21. Qd1 Bf4 22. Qe2 Qg5 23. Rc7 Bc8 24. Bxc8 Rbxc8 25. O-O $4 {Dit verliest
op slag. Helaas heb ik niks in de gaten.} Rxc7 {Goed genoeg.} ({Direkt winnend
was} 25... Bxh2+ $1 26. Kxh2 (26. Kh1 Qh6) 26... Qh4+ 27. Kg1 Nf4 28. Qf3 (28.
Qe3 Qxg4+ 29. Qg3 Ne2+) 28... Rxc7 29. Nxc7 Nh3+) 26. Nxc7 Qe7 $2 ({Opnieuw} 
26... Bxh2+) 27. Nb5 a6 $2 ({Terwijl Angelo nadacht zag ik nu wel dat ik met} 
27... Bxh2+ {meteen had kunnen winnen.}) 28. Nd4 {Op de een of andere manier
zie ik niet dat het paard nu de belangrijke velden e2 en f3 bestrijkt en denk
ik dat het loperoffer nog steeds uit is.} Bxh2+ $4 ({Na} 28... Bxe5 {sta ik
nog steeds op winst.}) 29. Kxh2 Qh4+ 30. Kg1 Nf4 31. Qd1 $4 ({Noodzakelijk was
} 31. Qe3 {en hopenlijk zou ik hebben gezien dat Dg4+ verliest en ik dus
eeuwig schaak moet houden met} Nh3+ 32. Kg2 Nf4+) 31... Qh3 $4 {Ik dacht echt
dat dit ondekbaar mat was.} ({Ik kon nu weer winnen met} 31... Nh3+ 32. Kg2
Nxf2) 32. Qf3 {Wat? Geen mat? Totaal verlamd haal ik mijn dame terug.} Qh4 $4 (
{Als ik nog bij zinnen was geweest had ik wel gezien dat ik het stuk kan
terugwinnen met} 32... Qxf3 33. Nxf3 Nd3 {bijv.}) 33. Qg3 $18 Qe7 {Ik sta een
stuk achter. Angelo heeft nog 11 minuten en ik 20 minuten. Normaal zou ik
opgeven maar ik irriteerde me aan twee toeschouwers die maar bij mijn bord
bleven staan terwijl er niks meer te zien valt. Wie kon hier vermoeden dat ik
12 zetten later remise zou weigeren! Het heeft weinig zin de volgende zetten
van commentaar te voorzien. Ik speel snel terwijl Angelo over iedere zet
nadenkt.} ({Ik geloof dat ik bij mijn vorige zet dacht dat ik nog eeuwig
schaak had met} 33... Nh3+ {Maar wit heeft} 34. Kh2) 34. Bc1 g5 35. Bxf4 Rxf4
36. Ne2 Re4 37. Nc3 Rc4 38. Na4 Qc7 39. Re1 Qc6 40. Nb2 Rc3 41. f3 {Angelo nog
4 minuten. Hij zit er kennelijk doorheen en noteert niet meer.} Rxa3 42. Qf2
Qc3 43. Kg2 Qxb4 44. Rc1 Ra2 45. Rc8+ {Met remiseaanbod.} Kf7 {Ik was er
inmiddels van overtuigd dat Angelo dit niet meer ging trekken en dat ik alsnog
ging winnen.} 46. Rc2 Qb3 47. Qd2 Ra3 48. Qe2 Ra2 49. Kg3 h6 50. Rc7+ Ke8 51.
Rc2 Kd7 52. Kh2 a5 53. Rd2 a4 54. Qa6 {Hier dacht ik even na maar ik zag niet
hoe ik eeuwig schaak kon vermijden.} Rxb2 ({Mijn eerste gedachte was} 54... Qc3
{Maar toen zag ik dat wit na} 55. Qb7+ Qc7 {helaas} 56. Rxd5+ {heeft en mijn
toren valt.}) ({Helaas kwam ik niet op het idee om met} 54... Kc7 {de partij
nog gaande te houden. En bij Angelo met weinig tijd weet je het nooit. Volgens
de engine moet ik de dame geven om uit het eeuwig schaak te lopen.} 55. Qa7+
Kc6 56. Qa8+ Kb5 57. Qe8+ Ka5 58. Qa8+ Kb4 59. Qf8+ Kc3 60. Rd3+ Kxb2 61. Rxb3+
axb3 62. Qb4 Ka1+ 63. Kg3 b2 64. Qxb6 Ra3 {en zwart houdt serieuze winstkansen.
}) 55. Qb7+ {En we kwamen remise overeen. 'Jeder Ähnlichkeit mit Schach ist
reiner Zufall." Angelo zei de volgende dag dat het een mentale kwestie was.
Hij dacht al een een zet of tien dat hij ging verliezen en plotseling stond
hij gewonnen. De angst dat hij dit niet kon laten glippen maakte hem
bloednerveus.} 1/2-1/2

[Event "Eijgenbrood 2016"]
[Site "?"]
[Date "2016.10.30"]
[Round "5"]
[White "Witt, Rob"]
[Black "Habibi, Hamoen"]
[Result "0-1"]
[WhiteElo "2205"]
[BlackElo "2050"]
[Annotator "Witt"]
[PlyCount "78"]
[EventDate "2016.??.??"]

{Met 3 uit 4 stond ik gedeeld derde achter Barry Brink (4-4) en Arno Bezemer 
(3½-4). Alle kans dus nog op een hoge klassering maar dan moet deze partij
wel gewonnen worden.} 1. d4 Nf6 2. c4 g6 3. Nc3 Bg7 4. e4 d6 5. Nf3 O-O 6. Be2
e5 7. O-O Nc6 8. d5 Ne7 9. Ne1 Nd7 10. Be3 f5 11. f3 f4 12. Bf2 g5 13. g4 {
Voor de derde keer in korte tijd deze zet. Ik heb er niet echt vertrouwen in
maar kennelijk brengt deze variant mij geluk.} fxg3 14. hxg3 h5 15. Ng2 Ng6 16.
Ne3 h4 17. g4 Nf4 18. Kh2 {Tot zover gelijk aan mijn partij tegen Aad de
Bruijn uit de eerste ronde. Dit lijkt een voordeel, maar achteraf denk ik dat
het eerder een nadeel is. Ik zit totaal nog niet in de partij.} Rf7 {Beter dan
Tf6 wat Aad deed. Zwart heeft 20 minuten verbruikt, ik nog niks.} 19. Nf5 b6
20. b4 a5 21. a3 Nf6 {Ook dit is veel beter dan het paard omspelen naar f8 en
g6 wat Aad deed. Ik moet nu oppassen voor ruilen op b4 vervolgens ruilen op a1
en slaan op f5 waarna ik niet met de e-pion kan nemen. Daarom speel ik mijn
toren weg.} 22. Rc1 ({Ik heb nog even gedacht om} 22. Ne3 {spelen en eerst een
paar stukken anders neer te zetten. Maar ik vond het er niet uitzien.}) 22...
Bxf5 23. exf5 axb4 24. axb4 Ra3 {Na een kwartier. Ik begon me een beetje
zorgen te maken.} 25. Nb5 {Met het idee dat ik na een toekomstig e5-e4 mijn
paard via d4 naar e6 kan spelen. Dat gebeurt later ook maar toen was het al
mis.} ({Kennelijk is} 25. Be3 {beter met het idee om} e4 {te beantwoorden met}
26. Bxf4 gxf4 27. Nxe4 Nxe4 28. fxe4 {met onduidelijke stelling.}) 25... Ra2 ({
Opmerkelijk dat de engine hier geeft} 25... Qa8 26. Nxa3 Qxa3 {met voordeel
voor zwart.}) 26. Rc2 Ra4 27. Be1 ({En opmerkelijk dat de engine hier als beter
} 27. Be3 {aangeeft met het idee} Rxb4 28. Ra2) 27... Qe8 {Ik was onder de
indruk van deze zet hoewel de engine direkt e4 iets sterker vindt.} (27... e4
28. Nd4 {was mijn bedoeling.} Nxe2 $1 {Niet naar gekeken.} 29. Qxe2 Nxg4+ 30.
fxg4 Bxd4 31. Qxe4 Bf6 $15) 28. Bc3 {Dit vond Hamoen minder goed.} ({Volgens
hem had ik} 28. Bd2 {moeten spelen en hij lijkt gelijk te hebben.} Re7 29. Rg1)
28... e4 29. Nd4 $2 {Ik heb me teveel voorgesteld van deze zet.} ({Beter} 29.
Re1 {maar de witte stelling bevalt me totaal niet.}) 29... exf3 ({Heel sterk
was} 29... Ra3 $1 {En ik zie geen fatsoenlijke zet voor wit.}) 30. Bxf3 Qe3 {
Die kwam als een verrassing.} 31. Re1 Qd3 (31... Nxg4+ {werkt niet.} 32. Bxg4
Qg3+ 33. Kh1) 32. Ne6 $2 {Na 10 minuten.} ({Ik had toch maar moeten kiezen voor
} 32. Qxd3 Nxd3 33. Rd1 ({Ik moet wel een pion geven want} 33. Rb1 Nd7 {
ziet er tamelijk hopeloos uit.}) 33... Nxb4 ({Of beter misschien} 33... Ne5 34.
Kh3 Rf8) 34. Bxb4 Rxb4 35. Ne6) 32... Nxg4+ 33. Bxg4 Bxc3 34. Qxd3 Nxd3 35. Re3
Be5+ (35... Ne5) 36. Kh3 Ra3 37. Kg2 (37. Rf3 Nf4+ ({of eerst} 37... Ra1) 38.
Nxf4 Rxf3+ 39. Bxf3 Rxf5) 37... h3+ 38. Bxh3 Nf4+ 39. Nxf4 Rxe3 {En ik
feliciteerde Hamoen met zijn goede spel. In de laatste ronde speelde hij
remise tegen Barry Brink en werd met 4½-6 gedeeld 4/5. Deze partij is voor
mij reden om de variant met 13.g4 voorlopig in de prullenbak te deponeren. Ik
begrijp eigenlijk niet waarom Wesley So en Ponomariov dit enkele keren
gespeeld hebben.} 0-1

[Event "Eijgenbrood 2016"]
[Site "?"]
[Date "2016.10.30"]
[Round "6"]
[White "Piet, Joeri"]
[Black "Witt, Rob"]
[Result "1/2-1/2"]
[WhiteElo "2057"]
[BlackElo "2205"]
[Annotator "Witt"]
[PlyCount "58"]
[EventDate "2016.??.??"]

{Na mijn nederlaag tegen Habibi was mijn toernooi met 3-5 voorbij. Wel kon ik
bij winst nog de seniorenprijs winnen.} 1. d4 Nf6 2. Nf3 {Jammer, want ik had
de Benkö willen spelen.} d5 {Tot deze zet kwam ik omdat ik de Londen
vermoedde. Met de partij Overeem-Wunnink in gedachten wilde ik dat wel.} 3. c4
{Okay, dan maar Slavisch.} c6 4. e3 Bg4 5. Qb3 {Ik had al gelijk spijt van
mijn openingskeus.} Qb6 6. Be2 e6 7. Nc3 Nbd7 8. h3 Bh5 9. g4 Bg6 10. Nh4 $6
Qxb3 11. axb3 Bc2 12. Bd1 Bxd1 13. Kxd1 Bd6 $6 14. f4 O-O 15. Bd2 a6 16. Na2 $6
c5 17. Nf3 {Wit had pas een kwartiertje verbruikt en ik al bijna drie kwartier
zonder veel te zien.} Ne4 18. Rf1 Rac8 19. Rc1 dxc4 20. bxc4 b5 $6 ({De engine
geeft} 20... cxd4 21. exd4 f5 $1 {niet overwogen.} 22. g5 Rfd8 {En dat ziet er
een stuk beter uit dan wat ik doe.}) 21. cxb5 axb5 22. Nc3 Nxc3+ 23. bxc3 Nf6
24. Rb1 Rb8 25. dxc5 Bxc5 26. Nd4 Ne4 27. Kc2 {Ik had er geen zin meer in en
besloot remise te maken.} ({Ik had gehoopt op} 27. Rxb5 Rxb5 28. Nxb5 Ra8 {
met praktische kansen.}) 27... Nxd2 28. Kxd2 b4 29. cxb4 Rxb4 {Met
remiseaanbod wat Joeri aannam. Na afloop bleek mijn matige 3½-6 toch
voldoende voor de seniorenprijs.} 1/2-1/2